[Event "Barbera op "]
[Site "?"]
[Date "2012.07.11"]
[Round "8"]
[White "Bergez, L."]
[Black "Lacasta Palacio, J."]
[Result "1-0"]
[WhiteElo "2420"]
[BlackElo "2195"]
[PlyCount "55"]
[EventDate "2012.??.??"]
[EventType "swiss"]
[EventRounds "9"]

1. e4 c5 2. Nf3 Nc6 3. c3 d5 4. exd5 Qxd5 5. d4 Bg4 6. Be2 O-O-O 7. Be3 e5 8.
c4 Qd7 9. d5 Bxf3 10. Bxf3 Nd4 11. O-O Kb8 12. b4 f5 13. bxc5 Bxc5 14. Nd2 Nf6
15. Nb3 Nxb3 16. axb3 Bxe3 17. fxe3 h5 18. Qd2 Qc7 19. Rfd1 Qb6 20. b4 Ng4 21.
c5 Qh6 22. Ra3 e4 23. Be2 Qg5 24. Rda1 f4 25. Rxa7 Nxe3 26. Bb5 Qxd5 27. Qxd5
Nxd5 28. Bc6 1-0

[Event "Barbera op "]
[Site "?"]
[Date "2012.07.11"]
[Round "8"]
[White "Diaz Camallonga, C."]
[Black "Chakravarthi, YVK."]
[Result "1-0"]
[WhiteElo "2144"]
[BlackElo "2053"]
[PlyCount "93"]
[EventDate "2012.??.??"]
[EventType "swiss"]
[EventRounds "9"]

1. e4 Nf6 2. Nc3 d5 3. exd5 Nxd5 4. Nf3 Nxc3 5. bxc3 g6 6. Bc4 Bg7 7. d4 O-O 8.
O-O c5 9. Ba3 cxd4 10. cxd4 Nc6 11. c3 Bg4 12. h3 Qa5 13. Bb2 Qb6 14. Bb3 Bf5
15. Re1 Bf6 16. Bc1 Na5 17. Bg5 Rac8 18. Rc1 Nxb3 19. axb3 Rfd8 20. Bxf6 Qxf6
21. Qe2 Rc7 22. c4 h5 23. Qe3 a6 24. d5 Bd7 25. Qxe7 Kg7 26. Nd4 Qxe7 27. Rxe7
Kf6 28. d6 Rcc8 29. c5 Be6 30. Rxb7 Rxd6 31. Nxe6 Rxe6 32. Rc3 Rec6 33. Rf3+
Ke5 34. b4 a5 35. bxa5 Rxc5 36. Ra3 f6 37. a6 Rc1+ 38. Kh2 R8c3 39. Ra5+ Rc5
40. Rxc5+ Rxc5 41. a7 Ra5 42. Rb5+ Rxb5 43. a8=Q Rd5 44. Qe8+ Kf5 45. g4+ hxg4
46. hxg4+ Kxg4 47. Qe4+ 1-0

[Event "Barbera op "]
[Site "?"]
[Date "2012.07.11"]
[Round "8"]
[White "Fernandez Diaz, C."]
[Black "Campos Cayuelas, A."]
[Result "1-0"]
[WhiteElo "2162"]
[BlackElo "2007"]
[PlyCount "91"]
[EventDate "2012.??.??"]
[EventType "swiss"]
[EventRounds "9"]

1. e4 e6 2. d4 d5 3. exd5 exd5 4. c4 Nf6 5. Nc3 Bb4 6. Nf3 O-O 7. Bd3 Re8+ 8.
Be3 Ng4 9. O-O Bxc3 10. bxc3 Nc6 11. Bf4 Nf6 12. Rb1 b6 13. Bg5 Be6 14. Ne5 Ne7
15. cxd5 Nfxd5 16. c4 Nc3 17. Bxh7+ Kf8 18. Qd3 Nxb1 19. Rxb1 c5 20. Nc6 Qd7
21. d5 Nxd5 22. Ne5 Qc7 23. Ng6+ fxg6 24. cxd5 Bf5 25. Qf3 Qf7 26. Rd1 Bc2 27.
Rc1 Re5 28. Bf4 Rf5 29. Bd6+ Ke8 30. Qe2+ Kd7 31. Bxg6 Re8 32. Qb5+ Kxd6 33.
Qc6+ Ke5 34. Bxf7 Rf8 35. Qe6+ Kd4 36. Qe3+ Kc4 37. Rxc2+ Kb4 38. Qe4+ Ka3 39.
Qxf5 Rxf7 40. Qxf7 a5 41. d6 b5 42. d7 c4 43. d8=Q a4 44. Qd6+ b4 45. Qf3+ c3
46. Qxc3# 1-0

[Event "Barbera op "]
[Site "?"]
[Date "2012.07.11"]
[Round "8"]
[White "Gonzalez Perez, A."]
[Black "Peralta, F."]
[Result "1/2-1/2"]
[WhiteElo "2452"]
[BlackElo "2602"]
[PlyCount "111"]
[EventDate "2012.??.??"]
[EventType "swiss"]
[EventRounds "9"]

1. e4 d6 2. d4 Nf6 3. Nc3 g6 4. Bg5 Bg7 5. f4 O-O 6. Qd2 d5 7. e5 Ne4 8. Nxe4
dxe4 9. Bc4 c5 10. Ne2 Qc7 11. d5 Nd7 12. O-O-O Nb6 13. Qc3 e3 14. Rhe1 Bf5 15.
Ng3 Bg4 16. Be2 Bxe2 17. Rxe2 Qd7 18. Qxe3 f6 19. Bh4 fxe5 20. fxe5 Qa4 21. Ne4
Qxa2 22. Qa3 Qc4 23. Qd3 Qxd3 24. Rxd3 Bxe5 25. Nxc5 Rf1+ 26. Re1 Rxe1+ 27.
Bxe1 Rf8 28. Nxb7 Rf1 29. Kd1 Rg1 30. g3 Nc4 31. Rf3 Nxb2+ 32. Ke2 Rh1 33. h4
Rh2+ 34. Bf2 Bd4 35. Na5 Na4 36. Nc6 Nc3+ 37. Kf1 Rxf2+ 38. Rxf2 Bxf2 39. Kxf2
a6 40. Nxe7+ Kf7 41. Nc6 Nxd5 42. c4 Nb6 43. Na5 Ke6 44. Ke3 Ke5 45. Kd3 Nd7
46. Nb7 Kf5 47. c5 Kg4 48. Kd4 Nxc5 49. Nxc5 Kxg3 50. Nxa6 Kxh4 51. Ke3 Kg3 52.
Nc5 h5 53. Ne4+ Kg2 54. Kf4 h4 55. Ng5 h3 56. Nxh3 1/2-1/2

[Event "Barbera op "]
[Site "?"]
[Date "2012.07.11"]
[Round "8"]
[White "Guix Torres, D."]
[Black "Fernandez Aguilar, F."]
[Result "0-1"]
[WhiteElo "2011"]
[BlackElo "1946"]
[PlyCount "144"]
[EventDate "2012.??.??"]
[EventType "swiss"]
[EventRounds "9"]

1. e4 e5 2. Nf3 Nc6 3. Bc4 Nf6 4. d4 exd4 5. e5 d5 6. Bb5 Ne4 7. Nxd4 Bd7 8.
Bxc6 bxc6 9. O-O Bc5 10. f3 Ng5 11. f4 Ne4 12. Be3 Qe7 13. Nd2 Nd6 14. Kh1 Nf5
15. Nxf5 Bxf5 16. Bxc5 Qxc5 17. c3 O-O 18. Nb3 Qb6 19. Qd4 a5 20. Rf2 a4 21.
Qxb6 cxb6 22. Nd4 Bd7 23. a3 Rae8 24. Re2 c5 25. Nc2 f6 26. h3 fxe5 27. fxe5
Bf5 28. Rae1 Be4 29. Ne3 Rxe5 30. Nxd5 Bxg2+ 31. Kxg2 Rg5+ 32. Kh2 Rxd5 33. Re7
Rd2+ 34. Kg3 Rxb2 35. Ra7 Rbf2 36. Ree7 R2f7 37. Rxf7 Rxf7 38. Rxa4 Rd7 39. c4
Kf7 40. Ra6 Rd3+ 41. Kg2 Rb3 42. Ra7+ Kf6 43. a4 Rb4 44. Ra6 Ke5 45. a5 bxa5
46. Rxa5 Rxc4 47. Ra7 Kf6 48. Ra6+ Kg5 49. Ra7 Kh6 50. Rc7 g5 51. Rc6+ Kh5 52.
Kg3 Rc3+ 53. Kg2 c4 54. Kh2 g4 55. hxg4+ Kxg4 56. Rh6 Rc2+ 57. Kg1 Kf3 58. Rh3+
Ke2 59. Rxh7 c3 60. Kg2 Kd1+ 61. Kf3 Rd2 62. Ke3 Kc1 63. Rh1+ Rd1 64. Rh7 c2
65. Rh6 Rd8 66. Rh7 Rd1 67. Rh6 Re1+ 68. Kf2 Re5 69. Rh7 Kd2 70. Rd7+ Kc3 71.
Rc7+ Kd3 72. Kf1 Re4 0-1

[Event "Barbera op "]
[Site "?"]
[Date "2012.07.11"]
[Round "8"]
[White "Isgandarova, K."]
[Black "Perpinya Rofes, LM."]
[Result "0-1"]
[WhiteElo "2206"]
[BlackElo "2401"]
[PlyCount "77"]
[EventDate "2012.??.??"]
[EventType "swiss"]
[EventRounds "9"]

1. e4 c5 2. Nc3 Nc6 3. f4 g6 4. Nf3 Bg7 5. Bc4 e6 6. e5 d6 7. exd6 Nf6 8. d4
cxd4 9. Nxd4 Nxd4 10. Qxd4 O-O 11. O-O Ne8 12. Qd3 Nxd6 13. Be3 Qc7 14. Bb3 Nf5
15. Bf2 Rd8 16. Qc4 Qxc4 17. Bxc4 b6 18. Bd3 Bb7 19. Rab1 Rac8 20. Ne2 Nd6 21.
c3 Ne4 22. Bxe4 Bxe4 23. Rbd1 Bd5 24. Nc1 h5 25. Rfe1 Rc4 26. Ne2 Rcc8 27. Nc1
Bh6 28. Rd4 Bc6 29. g3 Bg7 30. Rd3 Rxd3 31. Nxd3 Rd8 32. Nb4 Bb7 33. Be3 a5 34.
Nc2 b5 35. Kf2 Rc8 36. Re2 Bd5 37. Nd4 b4 38. Nb5 h4 39. b3 0-1

[Event "Barbera op "]
[Site "?"]
[Date "2012.07.11"]
[Round "8"]
[White "Jaramillo Ochoa, M."]
[Black "Moreto Quintana, A."]
[Result "1/2-1/2"]
[WhiteElo "2030"]
[BlackElo "2166"]
[PlyCount "71"]
[EventDate "2012.??.??"]
[EventType "swiss"]
[EventRounds "9"]

1. e4 d5 2. exd5 Qxd5 3. Nf3 Bg4 4. Be2 Nc6 5. d4 O-O-O 6. Be3 e5 7. c4 Qa5+ 8.
Bd2 Qa6 9. d5 Bxf3 10. Bxf3 Nd4 11. b3 Qg6 12. O-O Nc2 13. Bh5 Qd3 14. Be2 Qg6
15. Bh5 Qd3 16. Be2 Qg6 17. Bh5 Qd3 18. Be2 Qe4 19. Nc3 Qg6 20. Bh5 Qd3 21. Be2
Qg6 22. Rc1 Nd4 23. Be3 Bc5 24. Bxd4 exd4 25. Bd3 Qb6 26. Ne4 Nf6 27. Nxf6 Qxf6
28. Qg4+ Kb8 29. Qf5 Qxf5 30. Bxf5 Rhe8 31. Rfe1 g6 32. Bd3 Kc8 33. Kf1 Kd7 34.
Rxe8 Rxe8 35. Re1 Rxe1+ 36. Kxe1 1/2-1/2

[Event "Barbera op "]
[Site "?"]
[Date "2012.07.11"]
[Round "8"]
[White "Jareño Badenas, A."]
[Black "Dave, D."]
[Result "1-0"]
[WhiteElo "2002"]
[BlackElo "2170"]
[PlyCount "45"]
[EventDate "2012.??.??"]
[EventType "swiss"]
[EventRounds "9"]

1. e4 e6 2. d4 d5 3. e5 c5 4. c3 Nc6 5. Nf3 Bd7 6. a3 c4 7. Nbd2 Na5 8. g3 Ne7
9. Bg2 Qb6 10. O-O h5 11. h4 Nf5 12. Re1 Be7 13. Nf1 Nb3 14. Rb1 Ba4 15. Qe2
Qd8 16. Bf4 b5 17. Bh3 Nh6 18. Ng5 Nf5 19. Bxf5 exf5 20. e6 Bxg5 21. exf7+ Kxf7
22. Qe6+ Kf8 23. Bxg5 1-0

[Event "Barbera op "]
[Site "?"]
[Date "2012.07.11"]
[Round "8"]
[White "Krishna, CRG."]
[Black "Ruiz Sanchez, O."]
[Result "0-1"]
[WhiteElo "2273"]
[BlackElo "2416"]
[PlyCount "92"]
[EventDate "2012.??.??"]
[EventType "swiss"]
[EventRounds "9"]

1. d4 d5 2. c4 c6 3. Nf3 Nf6 4. e3 e6 5. b3 Bd6 6. Bb2 O-O 7. Bd3 b6 8. O-O Bb7
9. Nbd2 c5 10. dxc5 bxc5 11. Re1 Ne4 12. cxd5 exd5 13. Ne5 f5 14. Bxe4 fxe4 15.
Qg4 Qe7 16. f4 exf3 17. Ndxf3 Nc6 18. Qh5 Rae8 19. Ng4 Qe6 20. Qg5 Re7 21. Rad1
Nb8 22. Rf1 Qg6 23. Qxg6 hxg6 24. Nfe5 Re6 25. Rxf8+ Bxf8 26. Nd3 Ra6 27. Nf4
d4 28. a3 Rb6 29. b4 a5 30. exd4 cxb4 31. axb4 Nd7 32. Ne5 Nxe5 33. dxe5 Rxb4
34. Nd3 Rg4 35. g3 a4 36. Nf4 a3 37. Bc3 Bc5+ 38. Kf1 g5 39. Ne6 Ba6+ 40. Kg2
Rc4 41. Ba1 Rc2+ 42. Kh3 g4+ 43. Kh4 Be7+ 44. Kh5 Rxh2+ 45. Kg6 Rh6+ 46. Kf5
Bc8 0-1

[Event "Barbera op "]
[Site "?"]
[Date "2012.07.11"]
[Round "8"]
[White "Laxman, RR."]
[Black "Cornette, M."]
[Result "0-1"]
[WhiteElo "2422"]
[BlackElo "2567"]
[PlyCount "88"]
[EventDate "2012.??.??"]
[EventType "swiss"]
[EventRounds "9"]

1. Nf3 d5 2. d4 Nf6 3. c4 e6 4. g3 dxc4 5. Bg2 Bd7 6. Ne5 Bc6 7. Nxc6 Nxc6 8.
e3 Qd7 9. O-O O-O-O 10. Qa4 Nd5 11. Qxc4 h5 12. Nd2 h4 13. Nf3 hxg3 14. hxg3 f5
15. Bd2 Bd6 16. Rfc1 Rh5 17. b4 g5 18. b5 Nce7 19. a4 g4 20. Ne1 Kb8 21. a5
Rdh8 22. Kf1 Rh2 23. Ke2 Ng8 24. a6 b6 25. Qc6 Qxc6 26. Rxc6 Ngf6 27. Ra2 Ne4
28. Kf1 Bb4 29. Bxe4 fxe4 30. Ng2 Rh1+ 31. Ke2 Rg1 32. Nf4 Rhh1 33. Bxb4 Nxb4
34. Rxe6 Re1+ 35. Kd2 Rd1+ 36. Kc3 Nxa2+ 37. Kb3 Nc1+ 38. Kc2 Kc8 39. Rxe4 Rdf1
40. Nd5 Rxf2+ 41. Kc3 Rh5 42. Ne7+ Kd7 43. Nc6 Rxb5 44. Nb8+ Kd6 0-1

[Event "Barbera op "]
[Site "?"]
[Date "2012.07.11"]
[Round "8"]
[White "Mammadova, G."]
[Black "Van Riemsdijk, HC."]
[Result "0-1"]
[WhiteElo "2341"]
[BlackElo "2397"]
[PlyCount "60"]
[EventDate "2012.??.??"]
[EventType "swiss"]
[EventRounds "9"]

1. e4 c5 2. Nf3 e6 3. b3 b6 4. d4 cxd4 5. Nxd4 Bb7 6. Bd3 Bc5 7. c3 Nc6 8. Nf3
Nf6 9. O-O d5 10. e5 Ne4 11. Qe2 Qc7 12. b4 Be7 13. Bb2 O-O 14. Re1 f5 15. Na3
a6 16. Nc2 Nxe5 17. Nxe5 Qxe5 18. f3 Bd6 19. g3 Ng5 20. Nd4 Qxe2 21. Rxe2 e5
22. Nxf5 Nxf3+ 23. Kg2 Bc7 24. c4 dxc4 25. Be4 Bxe4 26. Rxe4 Rxf5 27. Rxc4 Rd8
28. Bc3 Rf7 29. Rf1 Rd3 30. Rf2 e4 0-1

[Event "Barbera op "]
[Site "?"]
[Date "2012.07.11"]
[Round "8"]
[White "Moreno Ruiz, J."]
[Black "Ivakhinova, I."]
[Result "1-0"]
[WhiteElo "2504"]
[BlackElo "2306"]
[PlyCount "83"]
[EventDate "2012.??.??"]
[EventType "swiss"]
[EventRounds "9"]

1. d4 d5 2. c4 c6 3. Nc3 Nf6 4. cxd5 cxd5 5. Bf4 Qb6 6. e3 Qxb2 7. Bb5+ Nc6 8.
Nge2 Qb4 9. O-O e6 10. Qc2 Bd7 11. Rab1 Qa5 12. Ba4 Nb4 13. Bxd7+ Nxd7 14. Qb3
Nb6 15. a3 Na6 16. Nb5 Be7 17. Nec3 O-O 18. e4 dxe4 19. Bd2 Nd7 20. Nxe4 Qd8
21. Qg3 Bh4 22. Qh3 Be7 23. Qg3 Bh4 24. Qf3 Be7 25. Bf4 b6 26. Rfc1 f5 27. Ned6
g5 28. Qb3 gxf4 29. Qxe6+ Kh8 30. Nf7+ Rxf7 31. Qxf7 Nf6 32. Re1 Ng8 33. Qxf5
Bf6 34. Qxf4 Rc8 35. Nd6 Qd7 36. Nxc8 Qxc8 37. Re4 Qd7 38. Rc1 Bg7 39. Qg4 Qd6
40. Qc8 Qxa3 41. Re8 Qa2 42. d5 1-0

[Event "Barbera op "]
[Site "?"]
[Date "2012.07.11"]
[Round "8"]
[White "Mosquera, M."]
[Black "Perez Mañas, B."]
[Result "0-1"]
[WhiteElo "2395"]
[BlackElo "2250"]
[PlyCount "98"]
[EventDate "2012.??.??"]
[EventType "swiss"]
[EventRounds "9"]

1. e4 c6 2. d4 d5 3. Nc3 dxe4 4. Nxe4 Nd7 5. Bc4 Ngf6 6. Ng5 e6 7. Qe2 Nb6 8.
Bd3 h6 9. N5f3 c5 10. dxc5 Bxc5 11. Ne5 Qc7 12. Ngf3 O-O 13. O-O Bd6 14. Bd2
Re8 15. c4 Nbd7 16. Bc3 b6 17. Rad1 Bb7 18. Bc2 Nc5 19. Nd2 Nfe4 20. Nxe4 Bxe5
21. Bxe5 Qxe5 22. f4 Qc7 23. Nd6 Red8 24. Nb5 Qe7 25. b4 Na6 26. a3 Nc7 27.
Rxd8+ Rxd8 28. Nxa7 Ra8 29. Qe3 Bxg2 30. Kxg2 Rxa7 31. Rd1 Ne8 32. Rd3 Qc7 33.
Qd4 Kf8 34. Kg1 Nf6 35. a4 Ke7 36. Re3 Ra8 37. f5 Rd8 38. Qc3 Ng4 39. Rxe6+
fxe6 40. Qxg7+ Kd6 41. Qd4+ Ke7 42. Qg7+ Kd6 43. Qxg4 Qe7 44. Qf4+ e5 45. Qxh6+
Kc7 46. Be4 Rd6 47. Qc1 Rd4 48. Qb1 Qg5+ 49. Kh1 Qg4 0-1

[Event "Barbera op "]
[Site "?"]
[Date "2012.07.11"]
[Round "8"]
[White "Remolar Gallen, J."]
[Black "Sos Andreu, E."]
[Result "1/2-1/2"]
[WhiteElo "2121"]
[BlackElo "2185"]
[PlyCount "62"]
[EventDate "2012.??.??"]
[EventType "swiss"]
[EventRounds "9"]

1. e4 c5 2. Nf3 e6 3. d4 cxd4 4. Nxd4 Nf6 5. Bd3 d6 6. O-O Be7 7. Nc3 a6 8. a4
O-O 9. Kh1 Nc6 10. Nb3 b6 11. f4 Qc7 12. Qf3 Bb7 13. Qh3 Nb4 14. f5 e5 15. Bg5
Ne8 16. f6 Bxf6 17. Rxf6 Nxf6 18. Bxf6 gxf6 19. Qh6 Nxd3 20. cxd3 Qe7 21. Rf1
f5 22. Rxf5 f6 23. Nd2 b5 24. Nd5 Bxd5 25. exd5 Rac8 26. Ne4 Qg7 27. Qd2 Kh8
28. Rf1 Qe7 29. Qh6 Rf7 30. axb5 axb5 31. g4 Rg8 1/2-1/2

[Event "Barbera op "]
[Site "?"]
[Date "2012.07.11"]
[Round "8"]
[White "Saptarshi, R."]
[Black "Perez Mitjans, O."]
[Result "0-1"]
[WhiteElo "2389"]
[BlackElo "2504"]
[PlyCount "74"]
[EventDate "2012.??.??"]
[EventType "swiss"]
[EventRounds "9"]

1. e4 c5 2. Nf3 d6 3. d4 cxd4 4. Qxd4 Bd7 5. Bg5 Nc6 6. Qd2 Nf6 7. Nc3 Qa5 8.
Bc4 Rc8 9. Bb3 h6 10. Bxf6 gxf6 11. Nd4 Nxd4 12. Qxd4 h5 13. f4 Rg8 14. g3 Qc5
15. O-O-O Qxd4 16. Rxd4 h4 17. Rd3 Rc5 18. Rf1 Bh6 19. Kb1 Rh5 20. e5 hxg3 21.
hxg3 Bf5 22. Rd5 fxe5 23. fxe5 dxe5 24. Rxe5 e6 25. Ne4 Ke7 26. Rc5 Rg4 27. Nf2
Rxg3 28. Rc7+ Kf8 29. Nd1 Rgh3 30. Rxb7 Rh1 31. Bc4 Rxf1 32. Bxf1 Rh1 33. Be2
Re1 34. Bh5 Bg6 35. Bg4 f5 36. Bf3 e5 37. c4 e4 0-1

[Event "Barbera op "]
[Site "?"]
[Date "2012.07.11"]
[Round "8"]
[White "Segarra Calderer, A."]
[Black "Medina de Baets, VJ."]
[Result "1-0"]
[WhiteElo "2058"]
[BlackElo "1978"]
[PlyCount "111"]
[EventDate "2012.??.??"]
[EventType "swiss"]
[EventRounds "9"]

1. c4 d6 2. g3 Nf6 3. Bg2 g6 4. Nf3 Bg7 5. Nc3 O-O 6. O-O e5 7. d4 exd4 8. Nxd4
a5 9. a3 Nbd7 10. b3 Nc5 11. Bb2 Nfd7 12. Nd5 c6 13. Ne3 Nb6 14. Rb1 Qe7 15.
Qc2 Bh6 16. Qc3 f6 17. f4 Re8 18. Nd1 Bg7 19. Nf2 f5 20. Rfe1 Qe3 21. Qxe3 Rxe3
22. Nd1 Re7 23. Bc3 Ne4 24. Bxe4 Rxe4 25. e3 a4 26. Nf3 axb3 27. Bxg7 Kxg7 28.
Nd2 Re7 29. Rxb3 Nd7 30. Rd3 Nc5 31. Rxd6 Rxa3 32. Nf3 Be6 33. Ne5 Nd7 34. Nxd7
Bxd7 35. Nb2 Be8 36. Nd3 Bf7 37. Ne5 Rc3 38. Red1 Bxc4 39. Rd7 Rxd7 40. Rxd7+
Kf8 41. Rxb7 Rxe3 42. Rxh7 g5 43. Nxc4 Rc3 44. Ne5 gxf4 45. gxf4 c5 46. Rc7 Kg8
47. Kg2 Rc2+ 48. Kg3 Rc3+ 49. Kh4 Rc2 50. h3 Rf2 51. Kg5 Rh2 52. h4 Kf8 53.
Kxf5 c4 54. Rxc4 Kg7 55. Rc7+ Kh6 56. Ng4+ 1-0

[Event "Barbera op "]
[Site "?"]
[Date "2012.07.11"]
[Round "8"]
[White "Sequera Paolini, J."]
[Black "Bulmaga, I."]
[Result "1-0"]
[WhiteElo "2407"]
[BlackElo "2371"]
[PlyCount "63"]
[EventDate "2012.??.??"]
[EventType "swiss"]
[EventRounds "9"]

1. f4 Nf6 2. Nf3 d5 3. e3 g6 4. d4 Bg4 5. Bd3 Bg7 6. Nbd2 c5 7. c3 cxd4 8. exd4
Nh5 9. g3 Nc6 10. O-O Qd6 11. Qe1 f6 12. b4 O-O-O 13. a4 e5 14. b5 exf4 15.
bxc6 fxg3 16. cxb7+ Kb8 17. Nb3 Bh3 18. hxg3 Bxf1 19. Bxf1 Nxg3 20. Nc5 Rhe8
21. Qd2 Ne4 22. Qf4 g5 23. Qxd6+ Rxd6 24. a5 f5 25. Bxg5 Nxg5 26. Nxg5 Bh6 27.
Nf7 Be3+ 28. Kh1 Rg6 29. Na6+ Rxa6 30. Bxa6 Re6 31. Bd3 Rf6 32. Ne5 1-0

[Event "Barbera op "]
[Site "?"]
[Date "2012.07.11"]
[Round "8"]
[White "Subirachs Mancebo, G."]
[Black "Aprea, D."]
[Result "1-0"]
[WhiteElo "2109"]
[BlackElo "1942"]
[PlyCount "109"]
[EventDate "2012.??.??"]
[EventType "swiss"]
[EventRounds "9"]

1. e4 e6 2. Nc3 d5 3. Nf3 Nf6 4. e5 Nfd7 5. d4 c5 6. dxc5 Nc6 7. Bf4 Bxc5 8.
Bd3 f6 9. exf6 Nxf6 10. Qe2 O-O 11. O-O-O Nb4 12. Ne5 Qa5 13. Kb1 d4 14. a3
Nxd3 15. Nxd3 dxc3 16. b4 Qb5 17. Qe5 Nd5 18. Bh6 gxh6 19. Nxc5 Rf5 20. Qe4 Qc6
21. Rd3 a5 22. h4 axb4 23. Rg3+ Kf7 24. Nd3 Nf6 25. Qxf5 exf5 26. Ne5+ Kf8 27.
Nxc6 bxc6 28. axb4 Nd5 29. Re1 Kf7 30. Rd3 h5 31. g3 Be6 32. Rd4 Ra4 33. Rc4 c5
34. Rxc5 Rxb4+ 35. Kc1 f4 36. Re5 Ra4 37. Kb1 fxg3 38. fxg3 Rd4 39. Kc1 Ra4 40.
Kb1 Rd4 41. Kc1 Kf6 42. Re1 Rg4 43. Rc6 Ra4 44. Rexe6+ Kf5 45. Ra6 Rd4 46. Rec6
Kg4 47. Ra5 Rd2 48. Rxc3 Nxc3 49. Kxd2 Ne4+ 50. Ke3 Nxg3 51. Ra4+ Kh3 52. Rf4
Kg2 53. c4 Nf1+ 54. Rxf1 Kxf1 55. Kf3 1-0

[Event "Barbera op "]
[Site "?"]
[Date "2012.07.11"]
[Round "8"]
[White "Uribe Arteaga, D."]
[Black "Libiszewski, F."]
[Result "0-1"]
[WhiteElo "2272"]
[BlackElo "2505"]
[PlyCount "78"]
[EventDate "2012.??.??"]
[EventType "swiss"]
[EventRounds "9"]

1. Nf3 Nf6 2. d4 g6 3. Nbd2 d5 4. e3 Bg7 5. Bd3 O-O 6. b3 c5 7. Bb2 Nbd7 8. O-O
b6 9. c4 Bb7 10. Qe2 Rc8 11. Rad1 cxd4 12. exd4 Nh5 13. Qe3 Rc7 14. Rfe1 Ndf6
15. h3 dxc4 16. bxc4 b5 17. g4 bxc4 18. Bxc4 Qc8 19. Rc1 Nxg4 20. Qb3 Nf4 21.
Ng5 Qf5 22. hxg4 Qxg5 23. Qg3 Rfc8 24. Bf1 Qd5 25. Qh2 Rxc1 26. Bxc1 Ne6 27.
Bc4 Qxd4 28. Rxe6 Qxg4+ 29. Qg3 Rxc4 30. Re1 Qxg3+ 31. fxg3 Bd4+ 32. Kh2 Rc5
33. g4 e5 34. g5 Rc2 35. Kh3 Rxa2 36. Rf1 Rc2 37. Kg4 Rc3 38. Kh4 Bc8 39. Nf3
Rxc1 0-1

[Event "Barbera op "]
[Site "?"]
[Date "2012.07.11"]
[Round "8"]
[White "Vassallo Barroche, M."]
[Black "Aroshidze, L."]
[Result "0-1"]
[WhiteElo "2433"]
[BlackElo "2580"]
[PlyCount "78"]
[EventDate "2012.??.??"]
[EventType "swiss"]
[EventRounds "9"]

1. g3 e5 2. Bg2 d5 3. c4 d4 4. d3 Nc6 5. Nf3 Nf6 6. O-O a5 7. e3 Be7 8. exd4
exd4 9. Na3 Nd7 10. Nb5 Nc5 11. Bf4 Ne6 12. Bd2 Nb4 13. Qe2 c6 14. Na3 O-O 15.
Bxb4 axb4 16. Nc2 Re8 17. Rfe1 Qb6 18. Qd2 Ra5 19. h4 h6 20. a3 bxa3 21. b4 Ra4
22. c5 Qa6 23. Ne5 Qa7 24. Ra2 Nc7 25. Bxc6 bxc6 26. Nxc6 Qa8 27. Nxe7+ Kf8 28.
Nxc8 Rxc8 29. Rea1 Nb5 30. Qf4 Rd8 31. Qf5 Kg8 32. h5 Ra6 33. Re1 Rf6 34. Qg4
Qd5 35. Rea1 Re8 36. Ne1 Nc3 37. Rd2 a2 38. Nc2 Rfe6 39. c6 Ne2+ 0-1

[Event "Barbera op "]
[Site "?"]
[Date "2012.07.11"]
[Round "8"]
[White "Vehi Bach, VM."]
[Black "Aranaz Murillo, A."]
[Result "1-0"]
[WhiteElo "2362"]
[BlackElo "2248"]
[PlyCount "107"]
[EventDate "2012.??.??"]
[EventType "swiss"]
[EventRounds "9"]

1. e4 e6 2. d4 d5 3. Nc3 Nf6 4. Bg5 Bb4 5. e5 h6 6. Bd2 Bxc3 7. bxc3 Ne4 8. Qg4
Kf8 9. Qf4 c5 10. Bd3 Nxd2 11. Qxd2 Nc6 12. Nf3 c4 13. Be2 Bd7 14. O-O b5 15.
g3 a5 16. a3 Qe7 17. Nh4 Rb8 18. f4 g6 19. Ng2 Kg7 20. g4 b4 21. axb4 axb4 22.
cxb4 Qxb4 23. c3 Qb2 24. Qe3 Rb3 25. Rfc1 Nb4 26. Bd1 Na2 27. Bxb3 cxb3 28.
Rcb1 Qa3 29. Qd2 Bb5 30. Ne3 Bc4 31. Nxc4 dxc4 32. Rb2 Ra8 33. Re1 Qa5 34. Re3
Qd5 35. Rb1 Qb7 36. Qg2 Qa7 37. Qf2 Qa5 38. Qf3 Qd5 39. Qxd5 exd5 40. Kf2 Rb8
41. Ke1 b2 42. Kd2 Nc1 43. Kc2 Nb3 44. Rxb2 Ra8 45. Re1 Kf8 46. f5 Ke7 47. Rf1
gxf5 48. Rxf5 Ra1 49. Rxb3 cxb3+ 50. Kxb3 Rb1+ 51. Ka4 Rg1 52. Rh5 Rxg4 53.
Rxh6 Rg2 54. Kb4 1-0

[Event "Barbera op "]
[Site "?"]
[Date "2012.07.12"]
[Round "9"]
[White "Aprea, D."]
[Black "Campos Cayuelas, A."]
[Result "0-1"]
[WhiteElo "1942"]
[BlackElo "2007"]
[PlyCount "62"]
[EventDate "2012.??.??"]
[EventType "swiss"]
[EventRounds "9"]

1. e4 e6 2. d4 d5 3. e5 c5 4. c3 Nc6 5. Nf3 Qb6 6. Bd3 cxd4 7. cxd4 Bd7 8. O-O
Nxd4 9. Nbd2 Bc5 10. b4 Be7 11. Rb1 f6 12. Nxd4 Qxd4 13. Nf3 Qb6 14. Be3 Qd8
15. Nh4 fxe5 16. Qh5+ Kf8 17. f4 e4 18. f5 Nf6 19. fxe6 Be8 20. Qg5 exd3 21.
Nf5 Bg6 22. Nxe7 Kxe7 23. Qe5 Rc8 24. Bc5+ Rxc5 25. bxc5 Qb8 26. Qb2 Rc8 27.
Qb5 Qc7 28. Qxb7 d2 29. Qxc7+ Rxc7 30. Rxf6 Bxb1 31. Rf7+ Kxe6 0-1

[Event "Barbera op "]
[Site "?"]
[Date "2012.07.12"]
[Round "9"]
[White "Asis Gargatagli, H."]
[Black "Aloma Vidal, R."]
[Result "1/2-1/2"]
[WhiteElo "2482"]
[BlackElo "2400"]
[PlyCount "55"]
[EventDate "2012.??.??"]
[EventType "swiss"]
[EventRounds "9"]

1. e4 c5 2. Nf3 d6 3. d4 cxd4 4. Nxd4 Nf6 5. Nc3 a6 6. Bg5 e6 7. f4 h6 8. Bh4
Qb6 9. Qd2 Qxb2 10. Rb1 Qa3 11. e5 dxe5 12. fxe5 Nd5 13. Nxd5 exd5 14. e6 Bxe6
15. Nxe6 fxe6 16. Bd3 Be7 17. Bg6+ Kd8 18. Bxe7+ Qxe7 19. O-O Nd7 20. Rf7 Qc5+
21. Kh1 Rc8 22. Qe1 Qc6 23. Qh4+ Kc7 24. Qg3+ Kd8 25. Qh4+ Kc7 26. Qg3+ Kd8 27.
Qh4+ Kc7 28. Qf4+ 1/2-1/2

[Event "Barbera op "]
[Site "?"]
[Date "2012.07.12"]
[Round "9"]
[White "Chakravarthi, YVK."]
[Black "Jaramillo Ochoa, M."]
[Result "1-0"]
[WhiteElo "2053"]
[BlackElo "2030"]
[PlyCount "85"]
[EventDate "2012.??.??"]
[EventType "swiss"]
[EventRounds "9"]

1. d4 d6 2. Nf3 Bg4 3. e4 e6 4. Be2 Nd7 5. O-O c6 6. c4 Qc7 7. Nc3 Be7 8. b3
Ngf6 9. Ba3 e5 10. dxe5 Nxe5 11. Nd4 Bd7 12. f4 Ng6 13. Nf5 Bxf5 14. exf5 Nf8
15. Kh1 N8d7 16. Bf3 O-O-O 17. Rc1 Nb6 18. Nb5 Qd7 19. Nxa7+ Kb8 20. Qe1 Qc7
21. Nb5 Qd7 22. Qa5 Nc8 23. Nd4 Qc7 24. Qd2 h5 25. Bb2 h4 26. a4 Nh5 27. Bc3
Bf6 28. Bg4 Rh6 29. Ba5 b6 30. Bc3 Rdh8 31. Kg1 Ne7 32. b4 g6 33. fxg6 Rxg6 34.
h3 Ng3 35. Rfe1 Rhg8 36. a5 Ngf5 37. Nxf5 Bxc3 38. Qxc3 Nxf5 39. Bxf5 Rxg2+ 40.
Kh1 d5 41. Qe3 R2g3 42. axb6 Qd6 43. Qe7 1-0

[Event "Barbera op "]
[Site "?"]
[Date "2012.07.12"]
[Round "9"]
[White "Colon Garcia, E."]
[Black "Krishna, CRG."]
[Result "1/2-1/2"]
[WhiteElo "2365"]
[BlackElo "2273"]
[PlyCount "98"]
[EventDate "2012.??.??"]
[EventType "swiss"]
[EventRounds "9"]

1. e4 e6 2. d4 d5 3. Nd2 c5 4. exd5 Qxd5 5. Ngf3 cxd4 6. Bc4 Qd6 7. O-O Nf6 8.
Nb3 Nc6 9. Nbxd4 Nxd4 10. Nxd4 Bd7 11. c3 Qc7 12. Qe2 a6 13. h3 O-O-O 14. a4
Bd6 15. a5 e5 16. Nc2 Kb8 17. Be3 Rc8 18. b3 Bc5 19. Bxc5 Qxc5 20. Ne3 Ne4 21.
Nd5 Bf5 22. Qf3 Bg6 23. Nb6 Rcd8 24. b4 Qc7 25. Rfd1 Nd2 26. Qe2 Nxc4 27. Qxc4
Qxc4 28. Nxc4 f6 29. Nb6 Bf7 30. Kf1 Kc7 31. Rxd8 Rxd8 32. Ke2 Bh5+ 33. g4 Bg6
34. Rd1 Rxd1 35. Kxd1 Be4 36. Ke2 Bc6 37. Ke3 Kd6 38. h4 Ke6 39. c4 f5 40. f3
f4+ 41. Kf2 e4 42. fxe4 Ke5 43. b5 axb5 44. cxb5 Bxb5 45. Kf3 Bd3 46. Nd7+ Kd6
47. Nf8 Ke5 48. Nd7+ Kd6 49. Nb6 Ke5 1/2-1/2

[Event "Barbera op "]
[Site "?"]
[Date "2012.07.12"]
[Round "9"]
[White "Cornette, M."]
[Black "Guerra Mendez, JA."]
[Result "1/2-1/2"]
[WhiteElo "2567"]
[BlackElo "2428"]
[PlyCount "57"]
[EventDate "2012.??.??"]
[EventType "swiss"]
[EventRounds "9"]

1. e4 e5 2. Nf3 Nc6 3. d4 exd4 4. Nxd4 Bc5 5. Nb3 Bb6 6. Nc3 d6 7. Qe2 Nge7 8.
Be3 O-O 9. O-O-O f5 10. f4 fxe4 11. g3 Kh8 12. Bg2 Bxe3+ 13. Qxe3 Nf5 14. Qe2
e3 15. Be4 Be6 16. g4 Nh6 17. f5 Bxb3 18. axb3 Ne5 19. h3 c6 20. Qxe3 Nef7 21.
Rhf1 d5 22. Bg2 Re8 23. Qf2 Qe7 24. Rd2 Nd6 25. Ne2 Qe3 26. Nf4 Qxf2 27. Rdxf2
Re7 28. c4 dxc4 29. Rd1 1/2-1/2